01239nasaa22002412ib4500003000400000005001700004008004100021040003300062110008300095245008900178260005800267300001000325310001300335505022600348700004800574700004200622700008900664700003400753700003400787942001600821999001700837952014300854OSt20250210131234.0250210b2025 dr fr|gsdpspao00| z spa d aCGID0020bspacCGID0020erda aInstituto Dominicano de Evaluación e Investigación de la Calidad Educativa aRevista de Investigación y Evaluación EducativabVol. 12 Núm. 1 (2025): Revie  aRepublica Dominicana, Santo Domingo : bIDEICEc2025 a103p. aSemetral aJesús Andújar Avilés 2- Mario Cavani 3- Sara Padilla-Cuerda, Sabina Civila 4- Milagros de Jesús Guzmán Martínez, Rosario Ynmaculada Cáceres Rosario, Luis Miguel Pacheco Ferreira 5- Alejandro Díaz-Cabriales aJesús Andújar Avilés 2- Mario Cavani  a3- Sara Padilla-Cuerda, Sabina Civila a 4- Milagros de Jesús Guzmán Martínez ; Rosario Ynmaculada Cáceres Rosario ; aLuis Miguel Pacheco Ferreira  a5- Alejandro Díaz-Cabriales 2ddccREVn0 c12492d12492 00102ddc4070aIDEICEbIDEICEd2025-02-10l0r2025-02-10 16:11:50uhttps://doi.org/10.47554/revie.vol12.num1.2025.pp4-5w2025-02-10yREV